000 00660nab a2200205 uc4500
001 597839
005 20241009093150.0
008 000530e20000201 spa
035 _a597839
035 _a(OCoLC)819833686
040 _ccomduadb
041 _aspa
100 1 0 _aCardenas Pardo, Sandra Marcela
_4aut
_eaut
_9310830
245 1 0 _aObjetivos claros: Intervencion afectiva
650 7 _aEstrés laboral
_2embne
_931310
650 7 _aSalud ocupacional
_2lemb
_937677
650 _aRiesgos psicosociales
_955173
773 0 _tProtección y Seguridad (Bogotá)
_gVol. 46, No. 269, Ene.-Feb. 2000, p. 17-20
_w114259
_x0120-5684
_090288
942 _cARIMP
999 _c149650
_d149650